[Event "FSIMB May 2013"]
[Site "Budapest HUN"]
[Date "2013.05.04"]
[Round "1.1"]
[White "Zaibi,A"]
[Black "Szeberenyi,A"]
[Result "0-1"]
[WhiteElo "2285"]
[BlackElo "2325"]

1.e4 c5 2.Nf3 e6 3.d4 cxd4 4.Nxd4 a6 5.Bd3 Bc5 6.Nb3 Ba7 7.O-O Nc6 8.Qe2 Nge7
9.Be3 e5 10.Bxa7 Rxa7 11.Nc3 O-O 12.Rad1 d6 13.Nd5 Nxd5 14.exd5 Ne7 15.f4 exf4
16.Rxf4 Ng6 17.Bxg6 hxg6 18.Nd4 Bd7 19.Rdf1 Ra8 20.Qf2 Qe7 21.Re1 Qg5 22.c4 Rae8
23.Rxe8 Rxe8 24.b4 Re1+ 25.Qxe1 Qxf4 26.Nf3 Qxc4 27.Qe7 Qb5  0-1

[Event "FSFMA May 2013"]
[Site "Budapest HUN"]
[Date "2013.05.06"]
[Round "3.5"]
[White "Darazs,Z"]
[Black "Juhasz,Bel"]
[Result "1/2-1/2"]
[WhiteElo "2165"]
[BlackElo "2173"]

1.e4 c5 2.Nf3 e6 3.d4 cxd4 4.Nxd4 a6 5.Bd3 d6 6.c4 Nf6 7.O-O Be7 8.Nc3 O-O
9.f4 Nbd7 10.Be3 Qc7 11.Qf3 Re8  1/2-1/2

[Event "FSIMB May 2013"]
[Site "Budapest HUN"]
[Date "2013.05.09"]
[Round "6.3"]
[White "Atabayew,S"]
[Black "Battey,A"]
[Result "1/2-1/2"]
[WhiteElo "2134"]
[BlackElo "2306"]

1.e4 c5 2.Nf3 e6 3.d4 cxd4 4.Nxd4 a6 5.Bd3 Bc5 6.Nb3 Ba7 7.Qe2 Nc6 8.Be3 d6
9.Bxa7 Rxa7 10.O-O Nf6 11.N1d2 e5 12.Nc4 Be6 13.Rad1 O-O 14.Ne3 a5 15.Bc4 a4
16.Nd2 Qc7 17.c3 Rd8 18.Rfe1 Raa8 19.f3 Qb6 20.Bxe6 fxe6 21.Nc4 Qc5 22.Na3 d5
23.exd5 exd5 24.Qf2 b6 25.Rc1 Rf8 26.Red1 Rad8 27.Nec2 Rd7 28.Ne1 e4 29.fxe4 Nxe4
30.Qxc5 bxc5 31.Nf3 Rb8 32.Rc2 Rdb7 33.c4 d4 34.Nb5 d3 35.Rcc1 Rd7 36.a3 d2
37.Rc2 Rbd8 38.Nc3 Nxc3 39.bxc3 Na5 40.Rcxd2 Rxd2 41.Rxd2 Rc8  1/2-1/2

[Event "31st Liechtenstein Open 2013"]
[Site "Triesen LIE"]
[Date "2013.05.10"]
[Round "8.8"]
[White "Hommeles,T"]
[Black "Schiendorfer,F"]
[Result "0-1"]
[WhiteElo "2431"]
[BlackElo "2162"]

1.e4 c5 2.Nf3 e6 3.d4 cxd4 4.Nxd4 a6 5.Bd3 Bc5 6.Nb3 Be7 7.Nc3 d6 8.O-O Nf6
9.f4 Nbd7 10.Qf3 Qc7 11.Bd2 b5 12.Rae1 Bb7 13.Qg3 g6 14.a3 Rc8 15.Kh1 h5
16.Nd4 Nc5 17.Qe3 Ng4 18.Qe2 Bh4 19.Rd1 Nxd3 20.Qxd3 Nf2+ 21.Rxf2 Bxf2 22.Ndxb5 axb5
23.Nxb5 Qxc2 24.Nxd6+ Kf8 25.Qxc2 Rxc2 26.Nxb7 Bd4 27.h4 Bxb2 28.Bb4+ Kg7
29.Rd7 Bf6 30.g3 e5 31.Nd6 Rf8 32.f5 Rc6 33.Kg2 g5 34.hxg5 Bxg5 35.Kf3 Ra6
36.Ke2 Bc1 37.Nc4 Re8 38.Nxe5 Rxe5 39.Bc3 Ra5 40.a4 Bg5 41.Bxe5+ Rxe5 42.Kf3 Ra5
43.Rd4 Bf6 44.Rc4 Be5 45.Rb4 Rc5 46.Rb3 Rc3+ 47.Rxc3 Bxc3 48.g4 hxg4+  0-1

[Event "31st Liechtenstein Open 2013"]
[Site "Triesen LIE"]
[Date "2013.05.11"]
[Round "9.20"]
[White "Medunova,V"]
[Black "Scheffknecht,P"]
[Result "1-0"]
[WhiteElo "2126"]
[BlackElo "2089"]

1.e4 c5 2.Nf3 e6 3.d4 cxd4 4.Nxd4 a6 5.Bd3 Nf6 6.Qe2 d6 7.c4 b6 8.O-O Bb7
9.Nc3 Nbd7 10.f4 Rc8 11.Bd2 Nc5 12.Bc2 g6 13.Rad1 Bg7 14.Be1 Qc7 15.Kh1 O-O
16.Bb1 Ncxe4 17.Nxe4 Nxe4 18.Bxe4 Bxe4 19.Qxe4 Qxc4 20.Bf2 e5 21.b3 Qb4 22.a3 Qxa3
23.Nc6 Rfe8 24.fxe5 Qxb3 25.Rxd6 b5 26.Bb6 Qc4 27.Qf3 Bxe5 28.Nxe5 Rxe5 29.Rf6 Re7
30.Ba5 b4 31.Rf4 Qa2 32.Bxb4 Rec7 33.h3 a5 34.Bd6 Rc1 35.Qb7 Rxf1+ 36.Rxf1 Qe6
37.Ba3 Re8 38.Bb2 Qc4 39.Qf3 f5 40.Rc1 Qe4  1-0

[Event "2nd Oscar Panno GM"]
[Site "Moron ARG"]
[Date "2013.05.12"]
[Round "1"]
[White "Obregon,A"]
[Black "Real de Azua,E"]
[Result "1-0"]
[WhiteElo "2478"]
[BlackElo "2458"]

1.e4 c5 2.Nf3 e6 3.d4 cxd4 4.Nxd4 a6 5.Bd3 Bc5 6.Nb3 Be7 7.O-O d6 8.a4 b6
9.Be3 Nd7 10.Na3 Ngf6 11.a5 b5 12.c4 b4 13.Nc2 Qc7 14.Qd2 Nc5 15.Nxc5 dxc5
16.Bf4 Qc6 17.Rae1 Bb7 18.Re3 O-O-O 19.Qe2 Rhg8 20.b3 h6 21.Ne1 Nd7 22.Bg3 Bd6
23.e5 Be7 24.Be4 Qc7 25.Qf3 Rdf8 26.Nc2 Bxe4 27.Rxe4 Qb7 28.h4 Nb8 29.Ne3 Nc6
30.Nd5 exd5 31.cxd5 f5 32.exf6 Rxf6 33.dxc6 Qxc6 34.Qg4+ Qd7 35.Qe2 Bd8 36.Qc4  1-0

[Event "Victory Day Open 2013"]
[Site "Moscow RUS"]
[Date "2013.05.12"]
[Round "6.4"]
[White "Yeletsky,Ivan"]
[Black "Demianjuk,A"]
[Result "1/2-1/2"]
[WhiteElo "2144"]
[BlackElo "2360"]

1.e4 c5 2.Nf3 e6 3.d4 cxd4 4.Nxd4 a6 5.Bd3 Bc5 6.Nb3 Be7 7.O-O d6 8.c4 Nf6
9.Be3 Nbd7 10.Nc3 b6 11.f3 Bb7 12.Qd2 Qc7 13.Rfc1 O-O 14.Nd4 Rac8 15.Bf1 Qb8
16.Qf2 Bd8 17.Kh1 Bc7 18.Qg1 Kh8 19.a4 Rg8 20.a5 bxa5 21.Nb3 Bxe4 22.Nxa5 Bxa5
23.Rxa5 Bb7 24.Bd4 Ne5 25.Bxe5 dxe5 26.Re1 Nd7 27.c5 f5 28.Qe3 Rgf8 29.Bc4 Rce8
30.Bxa6 Bxa6  1/2-1/2

[Event "Tschaturanga Open 2013"]
[Site "Vienna AUT"]
[Date "2013.05.12"]
[Round "7.14"]
[White "Hapala,L"]
[Black "Granabetter,J"]
[Result "1-0"]
[WhiteElo "2051"]
[BlackElo "1941"]

1.e4 c5 2.Nf3 e6 3.d4 cxd4 4.Nxd4 a6 5.Bd3 Nf6 6.O-O Qc7 7.Qe2 d6 8.c4 b6
9.Nc3 Bb7 10.f4 Nbd7 11.Kh1 Be7 12.Bd2 Rc8 13.Rac1 Qb8 14.Bb1 O-O 15.b3 Rfe8
16.Rce1 Nf8 17.Qf2 Ng6 18.f5 Ng4 19.Qg3 exf5 20.exf5 N6e5 21.f6 Nxf6 22.Nf5 Nh5
23.Nxe7+ Rxe7 24.Qg5 Rce8 25.Qxh5 Ng6 26.Rxe7 Rxe7 27.Nd5 Re5 28.Qf3 Bxd5
29.cxd5 Qe8 30.Bd3 b5 31.h3 Ne7 32.Re1 Nxd5 33.Rxe5 Qxe5 34.Qe4 g6 35.Qxe5 dxe5
36.Be4 Nc7 37.Bb7  1-0

[Event "FSFMA May 2013"]
[Site "Budapest HUN"]
[Date "2013.05.13"]
[Round "10.3"]
[White "Bohus,Adam"]
[Black "Juhasz,Bel"]
[Result "1/2-1/2"]
[WhiteElo "1869"]
[BlackElo "2173"]

1.e4 c5 2.Nf3 e6 3.d4 cxd4 4.Nxd4 a6 5.Bd3 Nf6 6.O-O d6 7.c4 Nbd7 8.Nc3 g6
9.Qe2 Bg7 10.h3 O-O 11.Be3 Qc7 12.f4 Re8 13.Nb3 b6 14.a4 Rb8 15.Qf2 Bb7 16.a5 bxa5
17.Nxa5 Ba8 18.Kh1 Rb4 19.Ra2 Nh5 20.Rc1 f5 21.exf5 gxf5 22.Be2 Nhf6 23.Bf3 Nc5
24.Bxc5 dxc5 25.Bxa8 Rxa8 26.Qf3 Rc8 27.Re1 Qb6 28.Qe3 Nh5 29.Na4 Qd6 30.Nb3 Bd4
31.Qf3 Ng7 32.Nxd4 Qxd4 33.Nc3 Rxc4 34.Rxa6  1/2-1/2

[Event "Somov Memorial 2013"]
[Site "Kirishi RUS"]
[Date "2013.05.16"]
[Round "9.3"]
[White "Eliseev,U"]
[Black "Karthikeyan,M2"]
[Result "0-1"]
[WhiteElo "2557"]
[BlackElo "2435"]

1.e4 c5 2.Nf3 e6 3.d4 cxd4 4.Nxd4 a6 5.Bd3 Nf6 6.O-O Qc7 7.Qe2 d6 8.f4 g6
9.Nc3 Bg7 10.e5 dxe5 11.fxe5 Nfd7 12.Rxf7 Kxf7 13.Nxe6 Qb6+ 14.Kh1 Qxe6 15.Bc4 Nxe5
16.Bxe6+ Bxe6 17.Ne4 Kg8 18.Nc5 Bf7 19.Nxb7 Nbc6 20.Nd6 Be6 21.b3 h6 22.Bb2 Kh7
23.c4 Rhf8 24.h3 a5 25.Bc3 Rf4 26.Rf1 Nd4 27.Qd1 Rxf1+ 28.Qxf1 Nf5 29.Ne4 Bd7
30.Kh2 Bc6 31.Qf4 Re8 32.Nf2 h5 33.Qc1 Nh4 34.Qa3 Nef3+ 35.gxf3 Nxf3+  0-1

[Event "Somov Memorial 2013"]
[Site "Kirishi RUS"]
[Date "2013.05.18"]
[Round "11.2"]
[White "Eliseev,U"]
[Black "Chigaev,M"]
[Result "1/2-1/2"]
[WhiteElo "2557"]
[BlackElo "2455"]

1.e4 c5 2.Nf3 e6 3.d4 cxd4 4.Nxd4 a6 5.Bd3 Bc5 6.Nb3 Ba7 7.O-O Nc6 8.Qg4 Nf6
9.Qg3 d6 10.Nc3 O-O 11.Kh1 e5 12.Bg5 Nh5 13.Qh4 f6 14.Bd2 g6 15.Bh6 Ng7 16.Bc4+ Kh8
17.Rad1 b5 18.Bd5 Bd7 19.f4 Rc8 20.Rf3 b4 21.Bxc6 Bxc6 22.Nd5 Bxd5 23.Rxd5 f5
24.Qe1 fxe4 25.Qxe4 exf4 26.Qxb4 Rxc2 27.Rxd6 Qc8 28.Bxf4 Rxg2 29.Kxg2 Qg4+
30.Rg3 Qe2+ 31.Kh3 Qh5+  1/2-1/2

[Event "Gligoric Cup 2013"]
[Site "Banja Koviljaca SRB"]
[Date "2013.05.21"]
[Round "2.1"]
[White "Solomunovic,I"]
[Black "Solak,D"]
[Result "0-1"]
[WhiteElo "2443"]
[BlackElo "2602"]

1.e4 c5 2.Nf3 e6 3.d4 cxd4 4.Nxd4 a6 5.Bd3 Nf6 6.O-O Qc7 7.Qe2 d6 8.c4 g6
9.b3 Bg7 10.Bb2 O-O 11.Nc3 Nfd7 12.Nc2 Nc6 13.Rac1 Nc5 14.Ne3 b6 15.Bb1 Qe7
16.f4 Bb7 17.f5 Ne5 18.Rcd1 Rad8 19.b4 Ncd7 20.a3 Kh8 21.Ba2 Rg8 22.fxe6 fxe6
23.Ng4 Rgf8 24.Nxe5 Nxe5 25.Na4 Rxf1+ 26.Rxf1 Qc7 27.Rd1 Qc6 28.Bb3 b5 29.cxb5 axb5
30.Nc3 Nc4 31.Bxc4 Qxc4 32.Qd2 Kg8 33.Kh1 Rc8 34.Rc1 Bxc3 35.Qxc3  0-1

[Event "Gligoric Cup 2013"]
[Site "Banja Koviljaca SRB"]
[Date "2013.05.22"]
[Round "3.2"]
[White "Perunovic,Mil"]
[Black "Manojlovic,Sa"]
[Result "1-0"]
[WhiteElo "2630"]
[BlackElo "2123"]

1.e4 c5 2.Nf3 e6 3.d4 cxd4 4.Nxd4 a6 5.Bd3 Nf6 6.O-O d6 7.Qe2 Be7 8.c4 Nbd7
9.Nc3 Qc7 10.f4 h5 11.Bd2 b6 12.Rae1 Bb7 13.b4 e5 14.Nf5 Bf8 15.Nd5 Bxd5
16.exd5 g6 17.Nd4 Bg7 18.f5 O-O 19.Nc6 e4 20.Bxe4 Rae8 21.Qd3 Nxe4 22.Rxe4 Ne5
23.Nxe5 Bxe5 24.Bh6 Bg7 25.Rxe8 Rxe8 26.fxg6  1-0

[Event "22nd TCh-CRO Cup 2013"]
[Site "Bol na Bracu CRO"]
[Date "2013.05.22"]
[Round "1.34"]
[White "Deur,Z"]
[Black "Loncar,R"]
[Result "1/2-1/2"]
[WhiteElo "2119"]
[BlackElo "2412"]

1.e4 c5 2.Nf3 e6 3.d4 cxd4 4.Nxd4 a6 5.Bd3 Nf6 6.c4 Nc6 7.Nxc6 dxc6 8.Qe2 e5
9.Nd2 Bc5 10.Nf3 Bg4 11.O-O O-O 12.Be3 Qe7 13.Rad1 Rfd8 14.Bc2 Bxe3 15.Qxe3 Bxf3
16.Qxf3 Qb4 17.Rxd8+ Rxd8 18.Rd1 Rd4 19.b3 Qa5 20.h3 Qxa2 21.Qf5 Rxd1+ 22.Bxd1 h5
23.Qc8+ Kh7 24.Qf5+ Kh6 25.Qxe5 Qb1 26.Qf4+ Kh7 27.Qf5+ Kh8 28.Qc8+ Ng8 29.Qd7 Qxe4
30.Kf1 Qb1 31.Ke1 Qe4+ 32.Kf1 Qe7 33.Qxe7 Nxe7 34.Bxh5 g6 35.Bf3 Kg7 36.Ke2 Kf6
37.Kd3 Ke5 38.h4 f5 39.g3 Ng8 40.Bg2 Nf6 41.Bf3 a5 42.Bd1 Ne4 43.Ke3 Nc5
44.f3 b5 45.cxb5 cxb5 46.Be2 a4 47.bxa4 bxa4 48.Bc4 a3 49.Kd2 Kd4 50.Ba2 Nd3
51.g4 f4 52.h5 Ne5 53.Ke2 gxh5 54.gxh5 Nd7 55.h6 Nf6 56.Kd2 Nh7 57.Kc2 Ng5
58.Bg8 Ke3 59.Bd5 a2 60.Kb2 Kd4 61.Bxa2 Ke5 62.Kc3 Kf6 63.Bd5 Nxf3 64.Bxf3 Kg6  1/2-1/2

[Event "22nd TCh-CRO Cup 2013"]
[Site "Bol na Bracu CRO"]
[Date "2013.05.23"]
[Round "3.53"]
[White "Plenca,J"]
[Black "Ognjan,R"]
[Result "1-0"]
[WhiteElo "2349"]
[BlackElo "2074"]

1.e4 c5 2.Nf3 e6 3.d4 cxd4 4.Nxd4 a6 5.Bd3 Qc7 6.O-O Nc6 7.Nxc6 bxc6 8.c4 Nf6
9.Qe2 e5 10.Nc3 Be7 11.Be3 d6 12.h3 O-O 13.Rac1 Bb7 14.Rfd1 Qa5 15.Qc2 Rab8
16.Be2 h6 17.b4 Qc7 18.a3 Qc8 19.Na4 Qe6 20.Nb6 c5 21.Nd5 cxb4 22.axb4 Rfc8
23.Qd3 Bf8 24.Rb1 Ba8 25.Rdc1 Bb7 26.Bf3 Rd8 27.Ba7 Rbc8 28.Bb6 Rd7 29.Nxf6+ Qxf6
30.Bg4 Rdc7 31.Bxc7 Rxc7 32.b5 Qf4 33.b6 Rc5 34.Bf3 g5 35.Rc3 Be7 36.Re1 Qf6
37.Bg4 Bd8 38.Rb3 Rc6 39.Reb1 Be7 40.Qe2 Rc5 41.Bf5 Bd8 42.Rd1 Rc6 43.Qd3 Be7
44.c5 Rxc5 45.Rc3 Rb5 46.Rb1 Rxb1+ 47.Qxb1 Bd8 48.Rc7  1-0

[Event "Gligoric Cup 2013"]
[Site "Banja Koviljaca SRB"]
[Date "2013.05.24"]
[Round "5.3"]
[White "Lazic,Dr"]
[Black "Sredojevic,I"]
[Result "1/2-1/2"]
[WhiteElo "2284"]
[BlackElo "2406"]

1.e4 c5 2.Nf3 e6 3.d4 cxd4 4.Nxd4 a6 5.Bd3 g6 6.O-O Bg7 7.Be3 Nf6 8.Nc3 d6
9.a4 b6 10.h3 O-O 11.Qd2 Bb7 12.Bh6 Nbd7 13.Bxg7 Kxg7 14.f4 Qc7 15.Nb3 Nc5
16.Rae1 e5 17.fxe5 dxe5 18.Qf2 Nfd7  1/2-1/2

[Event "e2e4 Sunningdale Open"]
[Site "Ascot ENG"]
[Date "2013.05.26"]
[Round "5"]
[White "Kisteneva,L"]
[Black "Kalaiyalahan,Akshaya"]
[Result "1-0"]
[WhiteElo "2053"]
[BlackElo "1872"]

1.e4 c5 2.Nf3 e6 3.d4 cxd4 4.Nxd4 a6 5.Bd3 d6 6.c4 Nf6 7.O-O Qc7 8.Nc3 Be7
9.Be3 O-O 10.Rc1 Nc6 11.Nd5 Qd8 12.Nxc6 bxc6 13.Nxe7+ Qxe7 14.c5 d5 15.e5 Nd7
16.Bd4 f5 17.b4 Bb7 18.a4 Rfc8 19.Qe2 g6 20.Rc3 Kf7 21.Rfc1 Nb8 22.Kh1 Qh4
23.Qe3 Kg7 24.g3 f4 25.gxf4 Rf8 26.f5 gxf5 27.Rg1+ Kh8 28.f4 Nd7 29.Rcc1 Rf7
30.Rg5 Rg8 31.Rcg1 Rxg5 32.Rxg5 h6 33.Rg3 Qd8 34.Qf3 h5 35.Qxh5+ Rh7 36.Qg6 a5
37.Bxf5  1-0

[Event "22nd TCh-CRO Cup 2013"]
[Site "Bol na Bracu CRO"]
[Date "2013.05.26"]
[Round "6.34"]
[White "Bosnjak,Petar"]
[Black "Zivkovic,Vj"]
[Result "1/2-1/2"]
[WhiteElo "2095"]
[BlackElo "2375"]

1.e4 c5 2.Nf3 e6 3.d4 cxd4 4.Nxd4 a6 5.Bd3 Bc5 6.Nb3 Ba7 7.Qe2 Nc6 8.Be3 Bxe3
9.Qxe3 Nf6 10.Nc3 d6 11.O-O e5 12.Bc4 b5 13.Bd5 Bb7 14.a3 O-O 15.Rad1 Qc7
16.Rd2 Rad8 17.Rfd1 Rd7  1/2-1/2

[Event "TCh-SUI 2013"]
[Site "Switzerland SUI"]
[Date "2013.05.26"]
[Round "3.8"]
[White "Schaerer,J"]
[Black "Grandadam,N"]
[Result "1/2-1/2"]
[WhiteElo "2237"]
[BlackElo "2315"]

1.e4 c5 2.Nf3 e6 3.d4 cxd4 4.Nxd4 a6 5.Bd3 Qc7 6.O-O Nc6 7.Nxc6 dxc6 8.Qe2 e5
9.a4 Bc5 10.a5 Be6 11.Be3 Qe7 12.Nc3 Nf6 13.Na4 Bxe3 14.Qxe3 O-O 15.h3 Rad8
16.Qc5 Qc7 17.Qb6 Qe7 18.Qc5 Qc7 19.Qb6 Qe7 20.Qc5  1/2-1/2

[Event "6th Mayors Cup 2013"]
[Site "Mumbai IND"]
[Date "2013.05.30"]
[Round "2"]
[White "Gusain,H"]
[Black "Papin,V"]
[Result "0-1"]
[WhiteElo "2305"]
[BlackElo "2552"]

1.e4 c5 2.Nf3 e6 3.d4 cxd4 4.Nxd4 a6 5.Bd3 Bc5 6.Nb3 Be7 7.c4 d6 8.Nc3 Nf6
9.O-O Qc7 10.Be3 Nbd7 11.Rc1 b6 12.Qe2 Bb7 13.Rfd1 O-O 14.f3 Rac8 15.Qf2 Bd8
16.Bf1 Qb8 17.Na4 Bc6 18.Nc3 Bc7 19.Nd4 Bb7 20.Qh4 Rfe8 21.g4 h6 22.Re1 Ne5
23.g5 hxg5 24.Bxg5 Nh7 25.f4 Nxg5 26.Qxg5 Bd8 27.Qg3 Nxc4 28.b3 Na5 29.Bd3 b5
30.Kf1 Bf6 31.e5 dxe5 32.fxe5 Red8 33.exf6 Qxg3 34.hxg3 Rxd4 35.Red1 Rcd8
36.Ke2 gxf6 37.Ke3 f5 38.Ne2 R4d7 39.Nf4 Nc6 40.Be2 Nd4 41.Bh5 Be4 42.Kf2 Kg7
43.Rd2 e5 44.Ne2 Nxe2 45.Rxe2 Rh8 46.g4 Kf6 47.Rxe4 fxe4 48.Ke3 Rdd8 49.Rf1+ Ke6
50.Kxe4 Rd4+ 51.Ke3 f6  0-1

[Event "6th Mayors Cup 2013"]
[Site "Mumbai IND"]
[Date "2013.05.30"]
[Round "3"]
[White "Siddharth,R"]
[Black "Pranav,V"]
[Result "0-1"]
[WhiteElo "2361"]
[BlackElo "2197"]

1.e4 c5 2.Nf3 e6 3.d4 cxd4 4.Nxd4 a6 5.Bd3 Ne7 6.O-O Nec6 7.Nxc6 Nxc6 8.Nc3 Be7
9.Qg4 O-O 10.f4 d6 11.f5 Ne5 12.Qg3 Bh4 13.Qh3 b5 14.a3 Bf6 15.Be3 exf5 16.exf5 Nxd3
17.cxd3 Bb7 18.Qg4 Re8 19.Bd4 Qe7 20.Bxf6 Qxf6 21.Rfe1 h6 22.h3 Rxe1+  0-1

[Event "6th Mayors Cup 2013"]
[Site "Mumbai IND"]
[Date "2013.05.30"]
[Round "3"]
[White "Bartakke,A"]
[Black "Shyam,N"]
[Result "0-1"]
[WhiteElo "2200"]
[BlackElo "2408"]

1.e4 c5 2.Nf3 e6 3.d4 cxd4 4.Nxd4 a6 5.Bd3 Ne7 6.O-O Nbc6 7.Nxc6 Nxc6 8.Nc3 Be7
9.Qg4 O-O 10.f4 d6 11.f5 Ne5 12.Qg3 Bh4 13.Qh3 b5 14.a3 Bf6 15.Be3 exf5 16.exf5 Nxd3
17.cxd3 Bb7 18.Qg4 Re8 19.Bd4 Qe7 20.Bxf6 Qxf6 21.Rae1 h6 22.h3 Rac8 23.Kh1 Rxe1
24.Rxe1 Rc5 25.Rf1 Re5 26.Ne4 Bxe4 27.dxe4 Rc5 28.Qe2 Qe5 29.Re1 Rc4 30.Qd2 Rd4
31.Qe3 Kf8 32.Qc3 Rxe4 33.Rxe4 Qxe4 34.Qc8+ Ke7 35.Qc7+ Kf6 36.Qxd6+ Kxf5
37.Qxa6 Qe1+ 38.Kh2 Qe5+ 39.Kg1 Qxb2 40.Qc6 Qd4+ 41.Kh1 Qc4 42.Qd7+ Ke5 43.Qd1 g6
44.Qb1 Kd4 45.Qb2+ Kd3 46.Kh2 h5 47.Kh1 h4 48.Kh2 f5 49.Kh1 Qa4 50.Kh2 Qf4+
51.Kh1 Qc4 52.Kh2 Ke3 53.Kg1 f4 54.Kh1 f3  0-1

[Event "La Punta Closed 2013"]
[Site "San Luis ARG"]
[Date "2013.05.30"]
[Round "7.5"]
[White "Hernandez Guerrero,G"]
[Black "Lujan,C"]
[Result "1/2-1/2"]
[WhiteElo "2523"]
[BlackElo "2380"]

1.e4 c5 2.Nf3 e6 3.d4 cxd4 4.Nxd4 a6 5.Bd3 Bc5 6.Nb3 Be7 7.Qg4 g6 8.Qe2 d6
9.O-O Nf6 10.Bh6 e5 11.Bg7 Rg8 12.Bxf6 Bxf6 13.Nc3 Be6 14.Bc4 Nd7 15.a4 Rc8
16.Bxe6 fxe6 17.a5 Kf7 18.Rfd1 Rc6 19.Na2 Qe7 20.Nb4 Rc7 21.c3 Rd8 22.Nd2 Rdc8
23.b3 Nc5 24.Nc4 Rd8 25.Rab1 Kg8 26.h3  1/2-1/2

[Event "6th Mayors Cup 2013"]
[Site "Mumbai IND"]
[Date "2013.06.01"]
[Round "5"]
[White "Sangma,R"]
[Black "Hossain,Enam"]
[Result "1/2-1/2"]
[WhiteElo "2382"]
[BlackElo "2487"]

1.e4 c5 2.Nf3 e6 3.d4 cxd4 4.Nxd4 a6 5.Bd3 Bc5 6.Nb3 Ba7 7.Qe2 Nc6 8.Be3 d6
9.c4 e5 10.Nc3 Nge7 11.Nd5 O-O 12.O-O a5 13.Bxa7 Rxa7 14.Rad1 a4 15.Na1 Ra5
16.Nc2 Ng6 17.Qe3 Be6 18.Rd2 Nce7 19.Nc3 Nf4 20.Rfd1 Nc8 21.Bf1 Qg5 22.Qg3 Qf6
23.Nb4 h5 24.h4 Bg4 25.f3 Bd7 26.Nbd5 Nxd5 27.Nxd5 Qd8 28.Kh2  1/2-1/2

[Event "National Open 2013"]
[Site "Las Vegas USA"]
[Date "2013.06.09"]
[Round "5"]
[White "Robson,R"]
[Black "Kekelidze,M"]
[Result "1-0"]
[WhiteElo "2619"]
[BlackElo "2503"]

1.e4 c5 2.Nf3 e6 3.d4 cxd4 4.Nxd4 a6 5.Bd3 Qb6 6.Be3 Nf6 7.Nd2 d5 8.O-O e5
9.N4b3 d4 10.Nc4 Qc7 11.Bd2 Nc6 12.f4 Be6 13.fxe5 Ng4 14.Bf4 Ncxe5 15.Nxe5 Nxe5
16.Nxd4 Bc5 17.c3 O-O 18.Kh1 Rad8 19.Qh5 Bd6 20.Nxe6 fxe6 21.Bc2 Qf7 22.Qxf7+ Rxf7
23.Bb3 Nd3 24.Bxe6 Bxf4 25.g3 g5 26.gxf4 gxf4 27.Kg2 Rd6 28.Bxf7+ Kxf7 29.Rad1 Ke7
30.Kf3 b5 31.b3 Ne5+ 32.Kxf4 Re6 33.Rg1 Ng6+ 34.Ke3 Rc6 35.Rc1 Rc5 36.c4 Rh5
37.cxb5 axb5 38.h4 b4 39.Kd4 Nf4 40.Rce1 Rxh4 41.Rh1 Ne2+ 42.Kc4  1-0

[Event "3rd Women Masters"]
[Site "Wuxi CHN"]
[Date "2013.06.09"]
[Round "9.4"]
[White "Zhang Xiaowen"]
[Black "Gunina,V"]
[Result "1-0"]
[WhiteElo "2367"]
[BlackElo "2514"]

1.e4 c5 2.Nf3 e6 3.d4 cxd4 4.Nxd4 a6 5.Bd3 Bc5 6.Nb3 Be7 7.c4 d6 8.Nc3 Nf6
9.O-O O-O 10.Be3 Nbd7 11.f4 Qc7 12.Qf3 b6 13.Rae1 Bb7 14.Qh3 g6 15.Nd2 Rfe8
16.Kh1 Bf8 17.Nf3 Bg7 18.Ng5 Rad8 19.Bb1 h6 20.Nxf7 Kxf7 21.e5 Ng8 22.f5 exf5
23.Bxf5 gxf5 24.Qxf5+ Ngf6 25.exf6 Nxf6 26.Nd5 Bxd5 27.Qxd5+ Kg6 28.Qd3+ Kf7
29.Rxf6+ Kg8 30.Qd5+ Kh7 31.Rf7 Re7 32.Ref1 Rde8 33.Rxe7 Rxe7 34.Bd4 Bxd4
35.Qxd4 Qc5 36.Qd3+ Kg7 37.Qg3+ Kh7 38.Qd3+ Kg7 39.Qg3+ Kh7 40.h3 Qe5 41.Qd3+ Kg7
42.Rf3 Qc5 43.Qc3+ Re5 44.b4 Qc7 45.Rg3+ Kh8 46.Qf3 Qd8 47.Rg6 Qe7 48.Qa8+  1-0

[Event "27th Pula Open 2013"]
[Site "Pula CRO"]
[Date "2013.06.11"]
[Round "5.9"]
[White "Mazur,Ste"]
[Black "Orel,A"]
[Result "1-0"]
[WhiteElo "2387"]
[BlackElo "2011"]

1.e4 c5 2.Nf3 e6 3.d4 cxd4 4.Nxd4 a6 5.Bd3 Qc7 6.O-O Nf6 7.c4 Nc6 8.Nxc6 dxc6
9.Be3 e5 10.f3 Be6 11.Nc3 Be7 12.Rc1 Rd8 13.Qe2 O-O 14.Rfd1 Nd7 15.Nd5 Bxd5
16.cxd5 c5 17.b4 a5 18.a3 Ra8 19.Bb5 axb4 20.d6 Bxd6 21.Qd3 Rxa3 22.Qxd6 Qxd6
23.Rxd6 Rxe3 24.Rxd7 b3 25.Rd2 f5 26.Kf2 f4 27.Rxc5 Ra8 28.Bc4+ Kf8 29.Rb5 Ra3
30.Rxb7 Ra2 31.Rxa2 bxa2 32.Bxa2 Ra3 33.Bd5 g6 34.g3 g5 35.Rxh7 Rc3 36.Kg2 Rc2+
37.Kh3 Rf2 38.Kg4 Rg2 39.Kxg5 fxg3 40.hxg3 Rxg3+ 41.Kf6 Rxf3+ 42.Kxe5 Rg3
43.Kf6 Rf3+ 44.Ke6  1-0

[Event "17th Petr Izmailov"]
[Site "Tomsk RUS"]
[Date "2013.06.11"]
[Round "1.32"]
[White "Vasiliev,Maxim"]
[Black "Trofimova,Ant"]
[Result "0-1"]
[WhiteElo "1703"]
[BlackElo "2198"]

1.e4 c5 2.Nf3 e6 3.d4 cxd4 4.Nxd4 a6 5.Bd3 Nf6 6.e5 Qa5+ 7.Nc3 Qxe5+ 8.Be3 Nc6
9.Nf3 Qc7 10.O-O Be7 11.Re1 b5 12.a4 b4 13.Ne4 Nxe4 14.Bxe4 Bb7 15.Qd2 d5
16.Bd3 e5 17.Bf5 d4 18.Bg5 f6 19.Bh4 Na5 20.Qd3 Qc4 21.Bxh7 Qxd3 22.Bxd3 Bxf3  0-1

[Event "27th Pula Open 2013"]
[Site "Pula CRO"]
[Date "2013.06.13"]
[Round "7.2"]
[White "Mazur,Ste"]
[Black "Drazic,S"]
[Result "1/2-1/2"]
[WhiteElo "2387"]
[BlackElo "2463"]

1.e4 c5 2.Nf3 e6 3.d4 cxd4 4.Nxd4 a6 5.Bd3 Nc6 6.Nxc6 dxc6 7.Nd2 e5 8.Nc4 Be6
9.O-O Bxc4 10.Bxc4 Qxd1 11.Rxd1 Nf6 12.f3 Bc5+ 13.Kf1 Ke7 14.Bg5 Rhd8 15.c3 b5
16.Bb3 h6 17.Bh4 g5 18.Bg3 Nd7 19.Ke2 f6 20.h4 Nb6 21.hxg5 hxg5 22.Rxd8 Rxd8
23.Rh1 Nc4 24.Rh7+ Ke6 25.Be1 Rd7 26.Rxd7 Kxd7 27.Bxc4 bxc4 28.b3 Kc7 29.Kd1 Kb6
30.Kc2 Kb5 31.Bd2 Bf2 32.Bc1 Bc5 33.Kb1 Bf2 34.Kc2 Bc5 35.a4+ Kb6 36.bxc4 Ka5
37.Kb3 Kb6 38.Bd2 Ka5 39.g3 Kb6 40.Bc1 Bf2 41.c5+ Kc7 42.g4 Bxc5 43.Kc4 Kd6
44.Bb2 Bg1 45.Ba3+ c5 46.Bc1 Kc6 47.Bd2 Bf2 48.Kd3 Bg1 49.Kc4 Kd6 50.Be1 Kc6
51.Bg3 Kd6 52.Be1 Kc6 53.Bd2 Bf2 54.Bc1 Bg1 55.Bb2 Kd6 56.Ba3 Kc6 57.Bc1 Kd6
58.Bd2 Kc6 59.Kd3 Kd6 60.Kc4 Bf2 61.Bc1 Kc6 62.Bd2 Bg1 63.Bc1 Kd6 64.Bd2 Bf2
65.Kb3 Kc7 66.c4 Kb6 67.Kc2 Bd4 68.Kb3 Kc7 69.Kc2 Kc6 70.Kb3 Kd6 71.Kc2 Kd7
72.Kb3 Ke8 73.Kc2 Ke7 74.Kb3 Ke6 75.Kc2 Kd6 76.Kb3 Bf2 77.Kc2 Bg3 78.Kb3 Bf4
79.Be1 Be3 80.Kc2 Kc6 81.Kb3 Kb6 82.Kc2 Bf4 83.Kb3 a5  1/2-1/2

[Event "Caissa IM June 2013"]
[Site "Kecskemet HUN"]
[Date "2013.06.15"]
[Round "1.1"]
[White "Hajnal,Z"]
[Black "Li Bo"]
[Result "1/2-1/2"]
[WhiteElo "2359"]
[BlackElo "2307"]

1.e4 c5 2.Nf3 e6 3.d4 cxd4 4.Nxd4 a6 5.Bd3 Bc5 6.Nb3 Ba7 7.e5 Nc6 8.Qe2 Qc7
9.f4 d6 10.exd6 Qxd6 11.Nc3 Nf6 12.Be3 Bxe3 13.Qxe3 Nb4 14.O-O-O Nfd5 15.Nxd5 Nxd5
16.Qe5 Qxe5 17.fxe5 Nb4 18.Be4 Nxa2+ 19.Kb1 Nb4 20.Rd6 Nd5 21.Na5 b5 22.Rd1 O-O
23.g3 Ra7 24.Nc6 Rc7 25.Bxd5 exd5 26.Nb4 Bf5 27.Rd2 g6 28.Nxd5 Rc5 29.Rxa6 Bxc2+
30.Ka2 Bf5 31.Ne7+ Kg7 32.Nxf5+ gxf5 33.e6 fxe6 34.Rxe6 Rf6 35.Rd7+ Rf7 36.Rxf7+ Kxf7
37.Rh6 Kg7 38.Rh5 Kg6 39.g4 Rc4 40.Rxf5 Rxg4 41.Rxb5 Rh4 42.Rd5 Rxh2 43.Ka3 Rf2
44.b4 Rf5 45.Rd1 h5 46.Ka4 h4 47.b5 Rf8 48.b6 Kg5 49.Rg1+ Kh5 50.Kb5 h3 51.b7 Kh4
52.Kb6 h2 53.Rh1 Kg3 54.Ka7 Kg2 55.Rxh2+ Kxh2 56.b8=Q+ Rxb8 57.Kxb8  1/2-1/2

[Event "Caissa IM June 2013"]
[Site "Kecskemet HUN"]
[Date "2013.06.16"]
[Round "2.3"]
[White "Hajnal,Z"]
[Black "Sean,W"]
[Result "0-1"]
[WhiteElo "2359"]
[BlackElo "2186"]

1.e4 c5 2.Nf3 e6 3.d4 cxd4 4.Nxd4 a6 5.Bd3 Qc7 6.O-O Nf6 7.Qe2 Nc6 8.Nxc6 dxc6
9.e5 Nd7 10.Bf4 f5 11.Nd2 b5 12.c3 Be7 13.h4 Bb7 14.g4 O-O 15.gxf5 exf5 16.Qe3 c5
17.c4 Qc6 18.f3 Bxh4 19.Kh2 Rae8 20.cxb5 axb5 21.a4 Nxe5 22.Bxb5 Ng4+ 23.Kh3 Nxe3
24.Bxc6 Bxc6 25.Bxe3 Rxe3 26.Kxh4 Re2 27.Nb3 f4 28.Nxc5 Rh2+ 29.Kg5 Rg2+  0-1

[Event "7th Srebrno Jezero Open 2013"]
[Site "Srebrno jezero SRB"]
[Date "2013.06.17"]
[Round "6.7"]
[White "Cabrilo,G"]
[Black "Nestorovic,De"]
[Result "1/2-1/2"]
[WhiteElo "2404"]
[BlackElo "2428"]

1.e4 c5 2.Nf3 e6 3.d4 cxd4 4.Nxd4 a6 5.Bd3 Bc5 6.Nb3 Be7 7.Qe2 d6 8.O-O Nf6
9.f4 O-O 10.Kh1 Nc6 11.Bd2 e5 12.Nc3 exf4 13.Bxf4 Bg4 14.Qd2 Rc8 15.Be2 Qd7
16.Rae1 Rfe8 17.Bf3  1/2-1/2

[Event "17th Petr Izmailov"]
[Site "Tomsk RUS"]
[Date "2013.06.18"]
[Round "8.19"]
[White "Tsydendambaev,A"]
[Black "Trofimova,Ant"]
[Result "1-0"]
[WhiteElo "2070"]
[BlackElo "2198"]

1.e4 c5 2.Nf3 e6 3.d4 cxd4 4.Nxd4 a6 5.Bd3 Nf6 6.O-O Qc7 7.Qe2 d6 8.c4 Nbd7
9.f4 b6 10.Nc3 Bb7 11.Kh1 Be7 12.Bd2 O-O 13.Rae1 Rfd8 14.b4 Rac8 15.a3 Bf8
16.Qe3 Be7 17.Qh3 Nf8 18.f5 e5 19.Nc2 Qb8 20.Ne3 N8d7 21.g4 h6 22.Rg1 b5
23.g5 hxg5 24.Rxg5 Nh7 25.Rg2 Bf8 26.Reg1 Ndf6 27.Qh6 Ne8 28.f6 Nexf6 29.Rxg7+ Kh8
30.Ned5 Qa7 31.Nxf6 Qxg1+ 32.Kxg1  1-0